Mami, ¿a que María no es tonta? : (Registro nro. 6654)
[ vista simple ]
| 000 -LEADER | |
|---|---|
| fixed length control field | 01658nam a22002657a 4500 |
| 003 - CONTROL NUMBER IDENTIFIER | |
| control field | OSt |
| 005 - DATE AND TIME OF LATEST TRANSACTION | |
| control field | 20200328185821.0 |
| 008 - FIXED-LENGTH DATA ELEMENTS--GENERAL INFORMATION | |
| fixed length control field | 200317q2012 sp a|||br|||| 00| j spa d |
| 020 ## - INTERNATIONAL STANDARD BOOK NUMBER | |
| International Standard Book Number | 9788499156958 |
| 040 ## - CATALOGING SOURCE | |
| Original cataloging agency | CO-JMCR |
| Transcribing agency | CO-JMCR |
| 041 0# - LANGUAGE CODE | |
| Language code of text/sound track or separate title | spa |
| 082 04 - DEWEY DECIMAL CLASSIFICATION NUMBER | |
| Classification number | C / |
| Item number | MORm |
| 100 1# - MAIN ENTRY--PERSONAL NAME | |
| Personal name | Morata, Mati, |
| Relator term | autor |
| 9 (RLIN) | 1640 |
| 245 10 - TITLE STATEMENT | |
| Title | Mami, ¿a que María no es tonta? : |
| Remainder of title | una historia sobre el síndrome de down / |
| Statement of responsibility, etc. | Mati Morata ; ilustraciones de Jesús García Vidal |
| 260 ## - PUBLICATION, DISTRIBUTION, ETC. | |
| Place of publication, distribution, etc. | [Granada, España] : |
| Name of publisher, distributor, etc. | Editorial GEU, |
| Date of publication, distribution, etc. | [2012] |
| 300 ## - PHYSICAL DESCRIPTION | |
| Extent | 46 páginas : |
| Other physical details | principalmente ilustraciones a color ; |
| Dimensions | 21 cm. x 22 cm. |
| 490 0# - SERIES STATEMENT | |
| Series statement | Cuentos para educar en valores |
| 490 0# - SERIES STATEMENT | |
| Series statement | Colección lectores iniciados |
| 490 0# - SERIES STATEMENT | |
| Series statement | Cuentos con corazón |
| 520 0# - SUMMARY, ETC. | |
| Summary, etc. | Una historia llena de ternura, pensada para que los niños comprendan y sientan empatía hacia aquellos otros seres que, en su peculiar mirada e la realidad, no ofrecen sino una perspectiva más, interesante, curiosa y enriquecedora. La peripecia vital de María, en su lento aprendizaje para montar en bicicleta, es la viva imagen de todos, que, con su mayor o menor lentitud, con caídas y vientos en contra, con o sin síndrome de Down, pero con tesón, cariño y sonrisas oportunas, acaban llegando a la meta. El conocimiento, como paso previo a la aceptación de quienes son diferentes, permite que superemos actitudes discriminatorias e intolerantes y contribuyamos al desarrollo de una sociedad más democrática y solidaria. |
| 650 14 - SUBJECT ADDED ENTRY--TOPICAL TERM | |
| Topical term or geographic name entry element | Cuento español |
| 9 (RLIN) | 1641 |
| 650 14 - SUBJECT ADDED ENTRY--TOPICAL TERM | |
| Topical term or geographic name entry element | Síndrome de down -- |
| General subdivision | cuento |
| 9 (RLIN) | 1642 |
| 700 ## - ADDED ENTRY--PERSONAL NAME | |
| Personal name | García Vidal, Jesús, |
| Relator term | ilustrador |
| 9 (RLIN) | 1643 |
| 942 ## - ADDED ENTRY ELEMENTS (KOHA) | |
| Source of classification or shelving scheme | Dewey Decimal Classification |
| Koha item type | Books |
| Withdrawn status | Lost status | Source of classification or shelving scheme | Damaged status | Not for loan | Collection code | Home library | Current library | Date acquired | Source of acquisition | Cost, normal purchase price | Total Checkouts | Total Renewals | Full call number | Barcode | Date last seen | Date last checked out | Copy number | Price effective from | Koha item type |
|---|---|---|---|---|---|---|---|---|---|---|---|---|---|---|---|---|---|---|---|
| Dewey Decimal Classification | Fiction | Biblioteca Pública José María del Castillo y Rada | Biblioteca Pública José María del Castillo y Rada | 03/17/2020 | Donación | 0.00 | 25 | 2 | C / MORm | 201809907 | 09/18/2025 | 09/17/2025 | Ej.1 | 03/17/2020 | Books |